Az Opera Garden Hotel & Apartments piaci pozíciójának elemzése

Bibliográfiai részletek
Szerző: Pázmándy Eszter
További közreműködők: Szalók Dr. Csilla
Dokumentumtípus: Diplomadolgozat
Kulcsszavak:Szálloda
szállodapiac
Opera Garden Hotel & Apartments
Online Access:http://dolgozattar.uni-bge.hu/18281

MARC

LEADER 00000nta a2200000 i 4500
001 dolg18281
005 20190221102559.0
008 181127suuuu hu om 000 hun d
040 |a BGE Dolgozattár Repozitórium  |b hun 
041 |a hu 
100 1 |a Pázmándy Eszter 
245 1 3 |a Az Opera Garden Hotel & Apartments piaci pozíciójának elemzése  |c Pázmándy Eszter  |h [elektronikus dokumentum] 
246 1 1 |a Az Opera Garden Hotel & Apartments piaci pozíciójának elemzése 
695 |a Szálloda 
695 |a szállodapiac 
695 |a Opera Garden Hotel & Apartments 
700 1 |a Szalók Dr. Csilla  |e ths 
856 4 0 |u http://dolgozattar.uni-bge.hu/18281/1/P%C3%A1zm%C3%A1ndy%20Eszter%20JIRGFQ.pdf  |z Dokumentum-elérés 
856 4 0 |u http://dolgozattar.uni-bge.hu/18281/2/titkos%C3%ADt%C3%A1si%20k%C3%A9relem%20P%C3%A1zm%C3%A1ndy%20Eszter%20JIRGFQ.pdf  |z Dokumentum-elérés